Social and Economic Development Of Hyderabad State: (Record no. 188049)

MARC details
000 -LEADER
fixed length control field 00597nam a22001817a 4500
005 - DATE AND TIME OF LATEST TRANSACTION
control field 20220509142350.0
010 ## - LCCN (DPL NO)
LC control number ENG-132559
020 ## - INTERNATIONAL STANDARD BOOK NUMBER
International Standard Book Number 81860734151
Terms of availability 150.00
035 ## - SYSTEM CONTROL NUMBER
System control number EN-116091
037 ## - SOURCE OF ACQUISITION
Source of stock number/acquisition DBAD/PUB
082 ## - DEWEY DECIMAL CLASSIFICATION NUMBER
Classification number 954.84
100 ## - MAIN ENTRY--PERSONAL NAME
Personal name Reddy, V. Ramakrishna
245 ## - TITLE STATEMENT
Title Social and Economic Development Of Hyderabad State:
Statement of responsibility, etc Medak Suba : 1905 - 1950/
260 ## - PUBLICATION, DISTRIBUTION, ETC. (IMPRINT)
Place of publication, distribution, etc Hyderabad
Name of publisher, distributor, etc Potti Sreeramulu Telugu University
Date of publication, distribution, etc 2018
270 ## - ADDRESS
Address Public Gardens, Hyderabad
City Hyderabad
Postal code 500004
300 ## - PHYSICAL DESCRIPTION
Extent ix, 264p
Dimensions 22cm(pbk)
Other physical details Bibliography
942 ## - ADDED ENTRY ELEMENTS (KOHA)
Source of classification or shelving scheme Dewey Decimal Classification
Item type English Books
Classification part 954.84
Call number suffix RED
Holdings
Withdrawn status Lost status Not for loan Collection code Home library Current library Date acquired Source of acquisition Cost, normal purchase price Full call number Barcode Copy number Cost, replacement price Koha item type
      Non-fiction Patel Nagar Patel Nagar 09/05/2022 DBAD/PUB 150.00 954.84 RED EN-116091 1 150.00 English Books

© Delhi Public Library
Hit Counter
free hit counter